| 000 | 00833nas a2200289 4500 | ||
|---|---|---|---|
| 001 | BR9902087 | ||
| 003 | BR-BrBNA | ||
| 005 | 20231205101401.0 | ||
| 007 | ta | ||
| 008 | 230509b bl.|||p| |||| 00| 00por d | ||
| 040 |
_aBR-BrBNA _bpor _cBiblioteca Nacional de Agricultura |
||
| 041 | _a(Pt) | ||
| 072 | _aQ04 | ||
| 100 | 1 | _aCorrea, A.D. | |
| 100 | 1 | _aRios, A. de O. | |
| 100 | 1 | _aLopes, L.M.V. | |
| 100 | 1 | _aConceicao, A. da | |
| 245 | 1 | _aAlguns constituintes quimicos do albedo de frutos citricos | |
| 650 | _aFruta Citrica | ||
| 650 | _aComposicao Quimica | ||
| 650 | _aVitamina C | ||
| 650 | _aResiduo | ||
| 650 | _aPectina | ||
| 773 | 0 |
_tRevista Brasileira de Fruticultura (Brazil) _xISSN 0100-2945 _g(Apr 1999), v. 21(1) p. 17-19 _wBR9902087 |
|
| 909 |
_a202311 _bLúcia _c55 _dLúcia Elande |
||
| 942 |
_2AGRIS _n0 _cANA |
||
| 999 |
_c161500 _d161500 |
||